Coupe du Monde 2026 - TOUS Équipes - Statistiques

Statistiques générales
  • Ce quiz a été pris 68 fois
  • Le résultat moyen est 27 sur 48
Statistiques - réponses
Groupe Pays % Correct
Group I France
88%
Group C Brésil
82%
Group B Canada
80%
Group D États-Unis
80%
Group A Mexique
80%
Group C Maroc
78%
Group K Portugal
78%
Group I Sénégal
76%
Group E Allemagne
74%
Group H Espagne
74%
Group L Angleterre
72%
Group J Argentine
72%
Group G Belgique
72%
Group I Norvège
72%
Group A Corée du Sud
70%
Group D Suède
70%
Group A Afrique du Sud
66%
Group J Algérie
66%
Group F Pays-Bas
66%
Group C Écosse
64%
Group G Iran
62%
Group F Japon
62%
Group B Suisse
62%
Group D Australie
60%
Group F Tunisie
60%
Group H Uruguay
60%
Group K Colombie
58%
Group E Équateur
58%
Group B Bosnie*
54%
Group E Curaçao
54%
Group C Haiti
54%
Group B Qatar
52%
Group J Autriche
50%
Group L Croatie
50%
Group E Cote d'Ivoire
48%
Group G Nouvelle-Zélande
48%
Group H Arabie saoudite
46%
Group H Cap-Vert
46%
Group G Égypte
46%
Group L Ghana
36%
Group K Ouzbékistan
34%
Group D Paraguay
34%
Group I Iraq
30%
Group J Jordanie
28%
Group L Panama
28%
Group K DR Congo
4%
Group A Turquoise
4%
Group F Czech Republique
2%
Aucun quiz correspondant
Distribution des résultats
% des personnes avec chaque résultat
Percentile par nombre de réponses
Votre historique - résultats
Vous n’avez pas pris ce quiz